Team of the Tournament - Championnat d'Europe de football 2012 - Statistiques

Statistiques générales
  • Ce quiz a été pris 51 fois
  • Le résultat moyen est 17 sur 23
Statistiques - réponses
Position Nationalité Joueur % Correct
Gardien de but Italie Gianluigi Buffon
100%
Gardien de but Espagne Iker Casillas
100%
Gardien de but Allemagne Manuel Neuer
100%
Défenseur Portugal Pepe
96%
Milieu de terrain Espagne Andrés Iniesta
91%
Défenseur Espagne Sergio Ramos
91%
Milieu de terrain Espagne Xavi
91%
Attaquant Suède Zlatan Ibrahimović
91%
Attaquant Portugal Cristiano Ronaldo
89%
Défenseur Espagne Gerard Piqué
89%
Milieu de terrain Italie Andrea Pirlo
82%
Défenseur Espagne Jordi Alba
76%
Attaquant Italie Mario Balotelli
76%
Milieu de terrain Espagne Sergio Busquets
76%
Défenseur Allemagne Philipp Lahm
71%
Milieu de terrain Angleterre Steven Gerrard
71%
Milieu de terrain Espagne Xabi Alonso
64%
Attaquant Espagne Cesc Fàbregas
58%
Attaquant Espagne David Silva
56%
Milieu de terrain Allemagne Mesut Özil
42%
Milieu de terrain Allemagne Sami Khedira
40%
Défenseur Portugal Fábio Coentrão
31%
Milieu de terrain Italie Daniele De Rossi
22%
Aucun quiz correspondant
Distribution des résultats
% des personnes avec chaque résultat
Percentile par nombre de réponses
Votre historique - résultats
Vous n’avez pas pris ce quiz